Thermodynamic principles for chemical engineers (Record no. 13177)

000 -LEADER
fixed length control field 00597nam a22002051 4500
001 - CONTROL NUMBER
control field 13177
003 - CONTROL NUMBER IDENTIFIER
control field BD-DhUET
008 - FIXED-LENGTH DATA ELEMENTS--GENERAL INFORMATION
fixed length control field 760817s1959 njua b 000 0 eng
040 ## - CATALOGING SOURCE
Original cataloging agency DLC
Transcribing agency OAkU
Modifying agency BD-DhUET
082 ## - DEWEY DECIMAL CLASSIFICATION NUMBER
Classification number 541.369
Item number GIL/1959
100 ## - MAIN ENTRY--PERSONAL NAME
Personal name Gilmont. Roger
245 10 - TITLE STATEMENT
Title Thermodynamic principles for chemical engineers
250 ## - EDITION STATEMENT
Edition statement 1st ed.
260 ## - PUBLICATION, DISTRIBUTION, ETC. (IMPRINT)
Place of publication, distribution, etc. New Jersey
Name of publisher, distributor, etc. Prentice-Hall
Date of publication, distribution, etc. 1959
300 ## - PHYSICAL DESCRIPTION
Extent xxv,339 p.
Other physical details illus.
Dimensions 24 cm.
490 0# - SERIES STATEMENT
Series statement Prentice-Hall chemical engineering series
504 ## - BIBLIOGRAPHY, ETC. NOTE
Bibliography, etc Includes bibliographies
650 #0 - SUBJECT ADDED ENTRY--TOPICAL TERM
Topical term or geographic name as entry element Thermodynamics chemical engineering
942 ## - ADDED ENTRY ELEMENTS (KOHA)
Koha item type General Book
Holdings
Price effective from Date acquired Sublocation or collection (holding branch) Koha item type Koha normalized classification for sorting Damaged status Koha date last seen Copy number Piece designation (barcode) Withdrawn status Shelving location Source of classification or shelving scheme Location (home branch) Not for loan Lost status Koha full call number
2015-03-012015-03-01Central Library, BUETGeneral Book541_369000000000000_GIL_1959 2015-03-01120444 Circulation section Central Library, BUET  541.369/GIL/1959
2015-03-102015-03-10Central Library, BUETGeneral Book541_369000000000000_GIL_1959 2015-03-10284580 Circulation section Central Library, BUET  541.369/GIL/1959
2015-03-102015-03-10Central Library, BUETGeneral Book541_369000000000000_GIL_1959 2015-03-10384838 Circulation section Central Library, BUET  541.369/GIL/1959